Statistics for Singapore COVID-19 Quiz

Click here to take the quiz!

General Stats

  • This quiz has been taken 34 times
  • The average score is 8 of 19

Answer Stats

HintAnswer% Correct
Singapore didn't have a lockdown. Instead, it had a...Circuit-breaker
97%
What does SHN stand for?Stay-Home Notice
90%
Which year did this happen?2003
86%
How long was the SHN period?14 days
79%
What was the highest level reached in this framework?Orange
79%
What was the last disease to hit Singapore, though only as an epidemic?SARS
79%
Which city did the first confirmed person with COVID-19 in Singapore come from?Wuhan, China
66%
When did the above end?1 June 2020
48%
What important month for Muslims fell during the outbreak period?Ramadan
45%
What were Singapore Airlines' first destinations to open flight routes to after the worst of the virus had passed?Adelaide | Amsterdam | Auckland | Barcelona | Brisbane | Cebu | Christchurch | Copenhagen | Hong Kong | Medan | Melbourne | Osaka
24%
What was the name of the Malaysian government policy that prevented their citizens from leaving the country?Movement control order
24%
What does DORSCON stand for?Disease Outbreak Response System Condition
21%
Which churches were clusters for the spread of the virus?Life Church and Missions | Grace Assembly of God
17%
What compounds were used as a Community Isolation Facility?D'Resort NTUC | Singapore EXPO | Changi Exhibition Centre | Tanjong Pagar Terminal
14%
Out of Singapore Airlines' 147 planes, how many were grounded in response to travel restrictions?138
10%
Which migrant worker dormitories were marked as isolation areas?S11 Dormitory | Westlite Toh Guan
7%
What were the names of the four stimulus packages by the government?Unity | Resilience | Solidarity | Fortitude
7%
And what were Singapore's three phases to end the above?Safe Re-opening | Safe Transition | Safe Nation
3%
How much was the government's rescue package to Singapore Arlines worth?S$19,000,000,000
0%

Score Distribution

Percentile by Number Answered

Percent of People with Each Score

Your Score History

You have not taken this quiz